Building control (Record no. 120984)

MARC details
000 -LEADER
fixed length control field 01667cai a2200337 4500
001 - CONTROL NUMBER
control field L156488
008 - FIXED-LENGTH DATA ELEMENTS--GENERAL INFORMATION
fixed length control field 120529n2012 000 0 eng u
035 ## - SYSTEM CONTROL NUMBER
System control number (Sirsi) u156488
041 0# - LANGUAGE CODE
Language code of text/sound track or separate title eng
110 ## - MAIN ENTRY--CORPORATE NAME
Corporate name or jurisdiction name as entry element National House Building Council
240 ## - UNIFORM TITLE
Uniform title NHBC
245 ## - TITLE STATEMENT
Title Building control
Remainder of title your technical resource for Building Regulations
Medium [electronic resource]
260 ## - PUBLICATION, DISTRIBUTION, ETC.
Place of publication, distribution, etc. [S.l.]
Name of publisher, distributor, etc. NHBC
Date of publication, distribution, etc. 2012
520 ## - SUMMARY, ETC.
Summary, etc. Building Regulations apply to most new buildings and many alterations of existing buildings in England and Wales, whether for domestic, commercial or industrial use. Compliance is a legal requirement. The Government recently published a range of proposals on changes it wishes to make to reduce the burden that falls on business as a result of regulation within the construction industry. The consultation closed on 27 April 2012. This portal leads to NHBC's responses and the current status of consultations and planned changes to the Building Regulations for England and Wales.
590 ## - LOCAL NOTE (RLIN)
Local note KA NTK
650 ## - SUBJECT ADDED ENTRY--TOPICAL TERM
Topical term or geographic name entry element NEW HOMES
650 ## - SUBJECT ADDED ENTRY--TOPICAL TERM
Topical term or geographic name entry element SELF BUILD
650 ## - SUBJECT ADDED ENTRY--TOPICAL TERM
Topical term or geographic name entry element BUILDING ACT 1984
650 ## - SUBJECT ADDED ENTRY--TOPICAL TERM
Topical term or geographic name entry element ENERGY EFFICIENCY
650 ## - SUBJECT ADDED ENTRY--TOPICAL TERM
Topical term or geographic name entry element BUILDING REGULATIONS PART L
650 ## - SUBJECT ADDED ENTRY--TOPICAL TERM
Topical term or geographic name entry element STATISTICS
650 ## - SUBJECT ADDED ENTRY--TOPICAL TERM
Topical term or geographic name entry element HOUSING MARKET
650 ## - SUBJECT ADDED ENTRY--TOPICAL TERM
Topical term or geographic name entry element CONTAMINATED LAND
650 0# - SUBJECT ADDED ENTRY--TOPICAL TERM
Topical term or geographic name entry element BUILDING REGULATIONS
9 (RLIN) 6224
650 ## - SUBJECT ADDED ENTRY--TOPICAL TERM
Topical term or geographic name entry element BUILDING CONTROL
9 (RLIN) 6222
651 #4 - SUBJECT ADDED ENTRY--GEOGRAPHIC NAME
Geographic name England and Wales 1543-
690 ## - LOCAL SUBJECT ADDED ENTRY--TOPICAL TERM (OCLC, RLIN)
Topical term or geographic name as entry element Building control
9 (RLIN) 6222
690 ## - LOCAL SUBJECT ADDED ENTRY--TOPICAL TERM (OCLC, RLIN)
Topical term or geographic name as entry element Building regulations
9 (RLIN) 6224
856 40 - ELECTRONIC LOCATION AND ACCESS
Uniform Resource Identifier <a href="https://www.nhbc.co.uk/Builders/ProductsandServices/BuildingControl/NHBCTechZone/BuildingRegulations/?pending">https://www.nhbc.co.uk/Builders/ProductsandServices/BuildingControl/NHBCTechZone/BuildingRegulations/?pending</a>
Public note View the website free of charge at www.nhbc.co.uk
942 ## - ADDED ENTRY ELEMENTS (KOHA)
Suppress in OPAC 0
Holdings
Withdrawn status Lost status Source of classification or shelving scheme Damaged status Not for loan Home library Current library Shelving location Date acquired Total Checkouts Full call number Barcode Date last seen Copy number Price effective from Koha item type
    Dewey Decimal Classification     Virtual Virtual Online 29/05/2012   WEB-SITE 156488-2001 06/08/2019 1 06/08/2019 Online material